OCDE factbook 2009 : (Registro nro. 5082)
[ vista simple ]
| 000 -LEADER | |
|---|---|
| fixed length control field | 01454nam a2200277Ia 4500 |
| 003 - CONTROL NUMBER IDENTIFIER | |
| control field | OSt |
| 005 - DATE AND TIME OF LATEST TRANSACTION | |
| control field | 20200515150830.0 |
| 008 - FIXED-LENGTH DATA ELEMENTS--GENERAL INFORMATION | |
| fixed length control field | 191128s2009 sp ab gr 000 0 spa d |
| 020 ## - INTERNATIONAL STANDARD BOOK NUMBER | |
| International Standard Book Number | 9788497454278 |
| 040 ## - CATALOGING SOURCE | |
| Original cataloging agency | CO-JMCR |
| Transcribing agency | CO-JMCR |
| 041 0# - LANGUAGE CODE | |
| Language code of text/sound track or separate title | spa |
| 082 04 - DEWEY DECIMAL CLASSIFICATION NUMBER | |
| Classification number | 310.1722 / |
| Item number | O122o |
| Edition number | 23 |
| 100 1# - MAIN ENTRY--PERSONAL NAME | |
| Personal name | Otero, Paola Paz, |
| Relator term | editora |
| 9 (RLIN) | 4402 |
| 245 10 - TITLE STATEMENT | |
| Title | OCDE factbook 2009 : |
| Remainder of title | estadísticas económicas, medioambientales y sociales / |
| Statement of responsibility, etc. | editora Paola Paz Otero ; traductora Lidia Montero Ameneiro |
| 250 ## - EDITION STATEMENT | |
| Edition statement | Quinta edición |
| 260 ## - PUBLICATION, DISTRIBUTION, ETC. | |
| Place of publication, distribution, etc. | España : |
| Name of publisher, distributor, etc. | Netbiblo, |
| Date of publication, distribution, etc. | 2009 |
| 300 ## - PHYSICAL DESCRIPTION | |
| Extent | 316 páginas : |
| Other physical details | tablas, mapas ; |
| Dimensions | 24 cm. |
| 504 ## - BIBLIOGRAPHY, ETC. NOTE | |
| Bibliography, etc. note | Incluye índice análitico. |
| 505 ## - FORMATTED CONTENTS NOTE | |
| Formatted contents note | Población y migración -- Tendencias macroeconómicas -- Globalización económica -- Precios -- Energía -- Trabajo --Ciencia y tecnología -- Medio ambiente -- Educación --Finanzas públicas -- Calidad de vida -- Desigualdad |
| 520 ## - SUMMARY, ETC. | |
| Summary, etc. | Es un anuario estadístico exhaustivo y dinámico de la OCDE. Contiene más de 100indicadores que engloban una gran variedad de áreas: economía, agricultura, educación, energía, medio ambiente, ayuda exterior, salud y calidad de vida. |
| 650 14 - SUBJECT ADDED ENTRY--TOPICAL TERM | |
| Topical term or geographic name entry element | Estadística de población |
| General subdivision | Macroeconomía |
| Chronological subdivision | 2009 |
| 9 (RLIN) | 4403 |
| 650 24 - SUBJECT ADDED ENTRY--TOPICAL TERM | |
| Topical term or geographic name entry element | Globalización Calidad de vida |
| General subdivision | Estadísticas |
| Chronological subdivision | 2009 |
| 9 (RLIN) | 4404 |
| 650 24 - SUBJECT ADDED ENTRY--TOPICAL TERM | |
| Topical term or geographic name entry element | Mercado laboral |
| General subdivision | Estadísticas |
| Chronological subdivision | 2009 |
| 9 (RLIN) | 4405 |
| 700 1# - ADDED ENTRY--PERSONAL NAME | |
| Personal name | Montero Ameneiro, Lidia, |
| Relator term | traductora |
| 9 (RLIN) | 4406 |
| 942 ## - ADDED ENTRY ELEMENTS (KOHA) | |
| Source of classification or shelving scheme | Dewey Decimal Classification |
| Koha item type | Books |
| Withdrawn status | Lost status | Source of classification or shelving scheme | Materials specified (bound volume or other part) | Damaged status | Not for loan | Home library | Current library | Shelving location | Date acquired | Source of acquisition | Cost, normal purchase price | Total Checkouts | Full call number | Barcode | Date last seen | Copy number | Price effective from | Koha item type |
|---|---|---|---|---|---|---|---|---|---|---|---|---|---|---|---|---|---|---|
| Dewey Decimal Classification | Donación--15/04/2018-- | Biblioteca Pública José María del Castillo y Rada | Biblioteca Pública José María del Castillo y Rada | General Stacks | 11/28/2019 | Donación | 0.00 | 310.1722 / O122o | 430001270 | 05/16/2024 | Ej.1 | 11/28/2019 | Books |